<?xml version="1.0" encoding="UTF-8"?>
<collection xmlns="http://www.loc.gov/MARC21/slim">
 <record>
  <leader>01126nam a22002297a 4500</leader>
  <controlfield tag="001">NCT_4_025663</controlfield>
  <controlfield tag="008">250820b        xxu||||| |||| 00| 0 vie d</controlfield>
  <datafield tag="999" ind1=" " ind2=" ">
   <subfield code="c">9268</subfield>
   <subfield code="d">9268</subfield>
  </datafield>
  <datafield tag="020" ind1=" " ind2=" ">
   <subfield code="a">9780759398832</subfield>
  </datafield>
  <datafield tag="082" ind1="0" ind2="4">
   <subfield code="2">23rd ed.</subfield>
   <subfield code="a">823</subfield>
   <subfield code="b">L746</subfield>
  </datafield>
  <datafield tag="100" ind1="1" ind2=" ">
   <subfield code="a">London, Jack</subfield>
  </datafield>
  <datafield tag="245" ind1="1" ind2="0">
   <subfield code="a">The call of the wild</subfield>
   <subfield code="c">Jack London ; Mitsu Yamamoto (Adapter) ; Pablo Marcos Studio (Illustrations)</subfield>
  </datafield>
  <datafield tag="260" ind1=" " ind2=" ">
   <subfield code="a">New York</subfield>
   <subfield code="b">Baronet Books</subfield>
  </datafield>
  <datafield tag="300" ind1=" " ind2=" ">
   <subfield code="a">239 p.</subfield>
   <subfield code="b">ill.</subfield>
   <subfield code="c">20 cm</subfield>
  </datafield>
  <datafield tag="490" ind1="0" ind2=" ">
   <subfield code="a">Great illustrated classics</subfield>
  </datafield>
  <datafield tag="520" ind1="3" ind2=" ">
   <subfield code="a">The Call of the Wild tells the story of Buck, a domesticated dog stolen from his home and sold into the harsh life of an Alaskan sled dog. Forced to adapt, Buck grows strong, cunning, and eventually answers the call of the wild, leaving civilization behind to become a leader among wolves.</subfield>
  </datafield>
  <datafield tag="653" ind1=" " ind2=" ">
   <subfield code="a">Tham khảo</subfield>
  </datafield>
  <datafield tag="700" ind1="1" ind2=" ">
   <subfield code="a">Yamamoto, Mitsu</subfield>
   <subfield code="e">Adapter</subfield>
  </datafield>
  <datafield tag="710" ind1="2" ind2=" ">
   <subfield code="a">Pablo Marcos Studio</subfield>
   <subfield code="b">Illustrations</subfield>
  </datafield>
  <datafield tag="942" ind1=" " ind2=" ">
   <subfield code="2">ddc</subfield>
   <subfield code="c">BK</subfield>
  </datafield>
  <datafield tag="952" ind1=" " ind2=" ">
   <subfield code="0">0</subfield>
   <subfield code="1">0</subfield>
   <subfield code="2">ddc</subfield>
   <subfield code="4">0</subfield>
   <subfield code="6">823_000000000000000_L746</subfield>
   <subfield code="7">0</subfield>
   <subfield code="9">31316</subfield>
   <subfield code="a">000001</subfield>
   <subfield code="b">000001</subfield>
   <subfield code="d">2025-08-20</subfield>
   <subfield code="o">823 L746</subfield>
   <subfield code="p">TK.01071</subfield>
   <subfield code="r">2025-08-20</subfield>
   <subfield code="w">2025-08-20</subfield>
   <subfield code="y">BK</subfield>
  </datafield>
  <datafield tag="980" ind1=" " ind2=" ">
   <subfield code="a">Thư viện Trường Đại học Nam Cần Thơ</subfield>
  </datafield>
 </record>
</collection>
